<?xml version="1.0" encoding="UTF-8"?>
<collection xmlns="http://www.loc.gov/MARC21/slim">
 <record>
  <leader>00775nam a22001935a 4500</leader>
  <controlfield tag="001">EUN.um017886</controlfield>
  <controlfield tag="003">AR-BaUNS</controlfield>
  <controlfield tag="005">20050623122858.0</controlfield>
  <controlfield tag="008">041125s1976####sz############000#0#spa#d</controlfield>
  <datafield tag="245" ind1="1" ind2="0">
   <subfield code="a">Estudio general de las memorias relativas al Convenio (n° 147) sobre la marina mercante (normas mínimas) y a la Recomendación (n° 155) sobre la marina mercante (mejoramiento de las normas) /</subfield>
   <subfield code="c">Conferencia internacional del trabajo. 77a. reunión.</subfield>
  </datafield>
  <datafield tag="260" ind1=" " ind2=" ">
   <subfield code="a">Ginebra :</subfield>
   <subfield code="b">OIT,</subfield>
   <subfield code="c">1976.</subfield>
  </datafield>
  <datafield tag="300" ind1=" " ind2=" ">
   <subfield code="a">201 p.</subfield>
  </datafield>
  <datafield tag="490" ind1="0" ind2=" ">
   <subfield code="a">Informe 3. parte 4B</subfield>
  </datafield>
  <datafield tag="020" ind1=" " ind2=" ">
   <subfield code="a">9223070600</subfield>
  </datafield>
  <datafield tag="082" ind1="0" ind2="4">
   <subfield code="a">347.8</subfield>
  </datafield>
  <datafield tag="082" ind1="0" ind2="4">
   <subfield code="a">387</subfield>
  </datafield>
  <datafield tag="653" ind1=" " ind2=" ">
   <subfield code="a">Marina mercante</subfield>
  </datafield>
  <datafield tag="110" ind1="2" ind2=" ">
   <subfield code="a">Conferencia internacional del trabajo. 77a. reunión</subfield>
   <subfield code="c">Ginebra.</subfield>
  </datafield>
  <datafield tag="859" ind1=" " ind2=" ">
   <subfield code="a">Ar-BaUNS</subfield>
   <subfield code="b">BIB. CENTRAL - Sector C</subfield>
   <subfield code="h">347.8</subfield>
   <subfield code="i">C76</subfield>
   <subfield code="p">98443/990</subfield>
   <subfield code="v">77</subfield>
  </datafield>
 </record>
</collection>
